00359nam a2200121Ia 4500001000400000008004100004082002200045100001900067245006400086260004500150901002700195999001500222772241024s9999 xx 000 0 und d aRD/658.48/L925c/2 aCésar Lozado 0aCalidad en el servicio en Organizaciones sin Fines de Lucro bAlianza ONG WK Kellogg Foundationsc2004 a1/12/2010 3:40:50 p.m. c7988d7988